Anthropology of the Todas and Kotas of the Nilgiri Hills : (Record no. 52802)

MARC details
000 -LEADER
fixed length control field 00702nam a2200229Ia 4500
005 - DATE AND TIME OF LATEST TRANSACTION
control field 20260429112204.0
008 - FIXED-LENGTH DATA ELEMENTS--GENERAL INFORMATION
fixed length control field 260429s9999||||xx |||||||||||||| ||und||
020 ## - INTERNATIONAL STANDARD BOOK NUMBER
International Standard Book Number 9789355275943
041 ## - LANGUAGE CODE
Language English
082 ## - DEWEY DECIMAL CLASSIFICATION NUMBER
Classification number 305.800954
Item number THU
100 ## - MAIN ENTRY--PERSONAL NAME
Personal name Edgar, Thurston
245 #0 - TITLE STATEMENT
Title Anthropology of the Todas and Kotas of the Nilgiri Hills :
Remainder of title and of the brahmans, kammálans, pallis, and pariahs of madras city /
Statement of responsibility, etc Thurston Edgar
250 ## - EDITION STATEMENT
Edition statement 1st ed.
260 ## - PUBLICATION, DISTRIBUTION, ETC. (IMPRINT)
Place of publication, distribution, etc Chennai :
Name of publisher, distributor, etc Maven Books,
Date of publication, distribution, etc 2023.
300 ## - PHYSICAL DESCRIPTION
Extent p.; pbk
650 ## - SUBJECT ADDED ENTRY--TOPICAL TERM
Topical term or geographic name as entry element Ethnology
650 ## - SUBJECT ADDED ENTRY--TOPICAL TERM
Topical term or geographic name as entry element Kota (Indic people)
650 ## - SUBJECT ADDED ENTRY--TOPICAL TERM
Topical term or geographic name as entry element Nilgiri Hills
650 ## - SUBJECT ADDED ENTRY--TOPICAL TERM
Topical term or geographic name as entry element Toda (Indic people)
650 ## - SUBJECT ADDED ENTRY--TOPICAL TERM
Topical term or geographic name as entry element Anthropology-India
942 ## - ADDED ENTRY ELEMENTS (KOHA)
Koha item type Text Books
Holdings
Withdrawn status Lost status Damaged status Not for loan Collection code Home library Location Shelving location Date of Cataloging Source of acquisition Total Checkouts Full call number Barcode Date last seen Price effective from Koha item type
        Non-fiction CUTN Central Library CUTN Central Library Social Sciences 29/04/2026 Tamilnadu Book House, Chennai - Invoice No. IN/73 on 17-02-2026   305.800954 THU 57924 29/04/2026 29/04/2026 Text Books